[Event "Gibraltar Amateur op-B"]
[Site "Caleta"]
[Date "2019.01.29"]
[Round "4"]
[White "Galinskyi, Mykhalo"]
[Black "Lopez Valcarcel, Juan"]
[Result "1-0"]
[WhiteElo "1540"]
[BlackElo "1761"]
[PlyCount "25"]
[EventDate "2019.01.26"]
[EventType "swiss"]
[EventRounds "5"]
[EventCountry "GGB"]
[SourceTitle "EXT 2021"]
[Source "ChessBase"]
[SourceDate "2020.10.23"]
[SourceVersion "1"]
[SourceVersionDate "2020.10.23"]
[SourceQuality "1"]

1. e4 c5 2. Nf3 d6 3. d4 cxd4 4. Nxd4 Nf6 5. Nc3 a6 6. Be3 e5 7. Nb3 Be7 8. Bc4 b5 9. Bd5 Nxd5 10. Qxd5 Qc7 11. Qxa8 Bb7 12. Qa7 Nd7 13. Na5 1-0

[Event "Gibraltar Amateur op-B"]
[Site "Caleta"]
[Date "2018.01.28"]
[Round "2"]
[White "Pena, Helio Adelino Silva"]
[Black "Lopez Valcarcel, Juan"]
[Result "1/2-1/2"]
[WhiteElo "1894"]
[BlackElo "1780"]
[PlyCount "53"]
[EventDate "2018.01.27"]
[EventType "swiss"]
[EventRounds "5"]
[EventCountry "GGB"]
[SourceTitle "EXT 2019"]
[Source "ChessBase"]
[SourceDate "2018.10.10"]
[SourceVersion "1"]
[SourceVersionDate "2018.10.10"]
[SourceQuality "1"]

1. e4 c5 2. Nf3 d6 3. d4 cxd4 4. Nxd4 Nf6 5. Nc3 a6 6. Bd3 e6 7. h3 Nc6 8. Nf3 Be7 9. 0-0 Qc7 10. Re1 0-0 11. Bg5 b5 12. Qd2 Bb7 13. Ne2 Rad8 14. Qf4 Ne5 15. Nxe5 dxe5 16. Qe3 Rd7 17. Bxf6 Bxf6 18. Ng3 Be7 19. Qe2 g6 20. h4 Bxh4 21. Qg4 Bxg3 22. Qxg3 Kg7 23. Re3 f6 24. Kh2 f5 25. exf5 exf5 26. Qxe5+ Qxe5+ 27. Rxe5 1/2-1/2

[Event "Gibraltar Amateur op-B"]
[Site "Caleta"]
[Date "2017.01.30"]
[Round "3"]
[White "Valladolid Martin, Francisco Jose"]
[Black "Lopez Valcarcel, Juan"]
[Result "1-0"]
[WhiteElo "1897"]
[BlackElo "1785"]
[PlyCount "117"]
[EventDate "2017.01.28"]
[EventType "swiss"]
[EventRounds "5"]
[EventCountry "GGB"]
[SourceTitle "EXT 2018"]
[Source "ChessBase"]
[SourceDate "2017.10.13"]
[SourceVersion "1"]
[SourceVersionDate "2017.10.13"]
[SourceQuality "1"]

1. e4 c5 2. Nf3 d6 3. Bb5+ Bd7 4. Bxd7+ Nxd7 5. b3 Ngf6 6. Qe2 e5 7. Bb2 Be7 8. 0-0 0-0 9. c3 Re8 10. d4 Bf8 11. Nfd2 d5 12. f4 cxd4 13. cxd4 exd4 14. e5 Qb6 15. Qd3 Ng4 16. Bxd4 Qxd4+ 17. Qxd4 Bc5 18. Nf3 Bxd4+ 19. Nxd4 Nc5 20. Nd2 f6 21. exf6 Nxf6 22. Rac1 Rec8 23. N2f3 Nd3 24. Rxc8+ Rxc8 25. g3 Nb4 26. a3 Nd3 27. Rd1 Rc1 28. Rxc1 Nxc1 29. Kf2 Na2 30. Ne2 b5 31. Ke3 b4 32. a4 Kf7 33. Kd4 Ke6 34. Kc5 Kd7 35. Nfd4 a5 36. Kb5 Ne4 37. Kxa5 Nd6 38. Kb6 Nc8+ 39. Kc5 Ne7 40. a5 Kc7 41. a6 h6 42. a7 Kb7 43. Kd6 Nc8+ 44. Kxd5 Kxa7 45. Ke6 Kb6 46. Kf7 g5 47. f5 Nc3 48. Ke6 Ne4 49. f6 Nc5+ 50. Kf5 Nd6+ 51. Kg6 Nd7 52. Nf5 Ne5+ 53. Kxh6 Nxf5+ 54. Kxg5 Nd6 55. h4 Ndf7+ 56. Kf5 Kc5 57. g4 Nh6+ 58. Kxe5 Nxg4+ 59. Kf5 1-0

[Event "Gibraltar Amateur op-B"]
[Site "Caleta"]
[Date "2016.02.01"]
[Round "3"]
[White "Lopez Valcarcel, Juan"]
[Black "Hunt, Caro"]
[Result "1-0"]
[WhiteElo "1798"]
[BlackElo "1634"]
[PlyCount "59"]
[EventDate "2016.01.30"]
[EventType "swiss"]
[EventRounds "5"]
[EventCountry "GGB"]
[SourceTitle "CBM 170 Extra"]
[Source "ChessBase"]
[SourceDate "2016.02.25"]
[SourceVersion "1"]
[SourceVersionDate "2016.02.25"]
[SourceQuality "1"]

1. d4 f5 2. Nf3 Nf6 3. c4 g6 4. g3 Bg7 5. Bg2 0-0 6. Nc3 d6 7. 0-0 Qe8 8. d5 e5 9. dxe6 Bxe6 10. Ng5 c6 11. Qxd6 Bxc4 12. Qb4 b5 13. Qc5 Nfd7 14. Qd6 Be5 15. Qd1 Bxc3 16. bxc3 Bxe2 17. Qd4 Bxf1 18. Kxf1 Qe5 19. Qh4 Nf6 20. Bd2 Qd6 21. Be3 Nbd7 22. Bf3 Rae8 23. Rd1 Qe7 24. Bxc6 Rd8 25. Bxb5 Nc5 26. Bc4+ Rd5 27. Bd4 Qb7 28. Bxc5 Rfd8 29. Bd4 Qc6 30. Bxf6 1-0

[Event "Gibraltar Amateur op-B"]
[Site "Caleta"]
[Date "2016.01.30"]
[Round "1"]
[White "Lopez Valcarcel, Juan"]
[Black "Wilson, Matthew R"]
[Result "0-1"]
[WhiteElo "1798"]
[BlackElo "1873"]
[PlyCount "76"]
[EventDate "2016.01.30"]
[EventType "swiss"]
[EventRounds "5"]
[EventCountry "GGB"]
[SourceTitle "CBM 170 Extra"]
[Source "ChessBase"]
[SourceDate "2016.02.25"]
[SourceVersion "1"]
[SourceVersionDate "2016.02.25"]
[SourceQuality "1"]

1. d4 Nf6 2. Bg5 Ne4 3. Bh4 g5 4. f3 gxh4 5. fxe4 Bg7 6. Nf3 c5 7. e3 Qb6 8. b3 Qh6 9. Qd2 Nc6 10. c3 b6 11. Bc4 Bb7 12. Qf2 cxd4 13. Nxh4 Qxe3+ 14. Qxe3 dxe3 15. Nf5 0-0 16. Nxe3 e6 17. Bd3 Ne5 18. Bc2 Rac8 19. 0-0 Rc7 20. a3 b5 21. Ra2 a6 22. a4 h5 23. axb5 axb5 24. Ra5 Bc6 25. h3 Ra8 26. Rxa8+ Bxa8 27. Rd1 Ra7 28. Nd2 Kf8 29. c4 bxc4 30. Ndxc4 Nxc4 31. Nxc4 Bc6 32. Bb1 Ke7 33. Kf2 Ra1 34. Ke2 Bb5 35. Bc2 Ra2 36. Kd2 Bf6 37. Nb6 Bc6 38. Na4 Bxe4 0-1